| 000 | 00607nam a2200205 i 4500 | ||
|---|---|---|---|
| 001 | 120946 | ||
| 003 | ES-MaACL | ||
| 005 | 20250821091801.0 | ||
| 007 | t| | ||
| 008 | 070214s1970 sp r ||||1| spa d | ||
| 100 | 1 |
_aPrawdin, Michael. _993724 |
|
| 245 | 1 | 0 |
_aJuana la Loca / _cMichael Prawdin ; [traducción de Eduardo Valenti]. |
| 250 | _a1ª ed. | ||
| 260 |
_aBarcelona : _bJuventud, _c1970. |
||
| 300 |
_a240 p. ; _c18 cm. |
||
| 600 | 0 | 4 |
_aJuana _bI, _cReina de Castilla _967140 |
| 700 | 1 |
_aValenti, Eduardo. _9112594 |
|
| 852 |
_aES-MaACL _jC-40755 _bR.75160 |
||
| 999 |
_c120946 _d120946 |
||